书目信息 |
| 题名: |
PSpice电路设计与应用
|
|
| 作者: | 汪建民 主编 | |
| 分册: | ||
| 出版信息: | 北京 国防工业出版社 2007.09 |
|
| 页数: | 296页 | |
| 开本: | 26cm | |
| 丛书名: | ||
| 单 册: | ||
| 中图分类: | TN702 | |
| 科图分类: | ||
| 主题词: | 电子电路--dian zi dian lu--计算机辅助设计--应用软件--PSpice | |
| 电子资源: | ||
| ISBN: | 978-7-118-05242-8 | |
| 000 | 00833nam0 2200229 450 | |
| 001 | 012008466965 | |
| 005 | 20080509145236.54 | |
| 010 | @a978-7-118-05242-8@dCNY35.00 | |
| 100 | @a20080508d2007 em y0chiy0120 ea | |
| 101 | 0 | @achi |
| 102 | @aCN@b110000 | |
| 105 | @aa z 000yy | |
| 106 | @ar | |
| 200 | 1 | @aPSpice电路设计与应用@APSpice dian lu she ji yu ying yong@f汪建民主编@Fwang jian min zhu bian |
| 210 | @a北京@c国防工业出版社@d2007.09 | |
| 215 | @a296页@c图@d26cm | |
| 330 | @a本书系统介绍了电子电路计算机辅助分析与设计软件OrCAD PSpice 9.1中的PSpice A/D部分, 着重介绍了如何运用PSpice对电路进行仿真模拟及分析等。 | |
| 606 | 0 | @a电子电路@Adian zi dian lu@x计算机辅助设计@x应用软件@xPSpice |
| 690 | @aTN702@v4 | |
| 701 | 0 | @a汪建民@Awang jian min@4主编 |
| 801 | 0 | @aCN@bQSSK@c20080509 |
| 905 | @b707489-91@dTN702@eW064@f3 | |
| PSpice电路设计与应用/汪建民主编.-北京:国防工业出版社,2007.09 |
| 296页:图;26cm |
| ISBN 978-7-118-05242-8:CNY35.00 |
| 本书系统介绍了电子电路计算机辅助分析与设计软件OrCAD PSpice 9.1中的PSpice A/D部分, 着重介绍了如何运用PSpice对电路进行仿真模拟及分析等。 |
| ● |
| 相关链接 |
|
|
|
正题名:PSpice电路设计与应用
索取号:TN702/W064
 
预约/预借
| 序号 | 登录号 | 条形码 | 馆藏地/架位号 | 状态 | 备注 |
| 1 | 707489 | 207074896 | 自科库301/301自科库 29排3列1层/ [索取号:TN702/W064] | 在馆 | |
| 2 | 707490 | 207074903 | 自科库301/301自科库 29排3列1层/ [索取号:TN702/W064] | 在馆 | |
| 3 | 707491 | 207074912 | 自科库301/301自科库 29排3列1层/ [索取号:TN702/W064] | 在馆 |